Robinson crusoe (Record no. 4490)

MARC details
000 -LEADER
fixed length control field 00472cam a2200193ua 4500
001 - CONTROL NUMBER
control field 5313
005 - DATE AND TIME OF LATEST TRANSACTION
control field 20260515113848.0
008 - FIXED-LENGTH DATA ELEMENTS--GENERAL INFORMATION
fixed length control field 120808n ii |||gr||||Z||||||eng
040 ## - CATALOGING SOURCE
Transcribing agency MAIN
082 ## - DEWEY DECIMAL CLASSIFICATION NUMBER
Classification number 823
100 ## - MAIN ENTRY--PERSONAL NAME
Personal name Defoe, Daneil,
Relator term Author,
245 11 - TITLE STATEMENT
Title Robinson crusoe
Statement of responsibility, etc. by Daniel Defoe
250 ## - EDITION STATEMENT
Edition statement 2nd.
260 ## - PUBLICATION, DISTRIBUTION, ETC.
Place of publication, distribution, etc. New Delhi:
Name of publisher, distributor, etc. Rama Brothers,
Date of publication, distribution, etc. 1992.
300 ## - PHYSICAL DESCRIPTION
Extent x; 211p:
Dimensions 23cm.
653 ## - INDEX TERM--UNCONTROLLED
Uncontrolled term English fiction
700 ## - ADDED ENTRY--PERSONAL NAME
Personal name Lall, Ramji,
Relator term Author,
942 ## - ADDED ENTRY ELEMENTS (KOHA)
Koha item type Books
Holdings
Withdrawn status Lost status Damaged status Not for loan Home library Current library Shelving location Date acquired Total checkouts Full call number Barcode Date last seen Copy number Price effective from Koha item type
        Naharkatiya College Library Naharkatiya College Library General stacks 09/19/2020   823 | DEF 5104 09/19/2020 2 09/19/2020 Books
        Naharkatiya College Library Naharkatiya College Library General stacks 09/19/2020   823 | DEF 5105 09/19/2020 1 09/19/2020 Books